| 000 | 00507nam a2200181Ia 4500 | ||
|---|---|---|---|
| 999 |
_c28992 _d28992 |
||
| 003 | OSt | ||
| 005 | 20201112141626.0 | ||
| 008 | 190216s9999||||xx |||||||||||||| ||und|| | ||
| 020 | _a9788182642560 | ||
| 040 | _coclc | ||
| 082 |
_a894.8123 _bKAM/K |
||
| 100 |
_aKamaleswar _96552 |
||
| 245 | 0 |
_aKotumkattu / _cKamaleswar |
|
| 260 |
_bMathrubhumi Printing &publishing, _aKozhikode: _c2006. |
||
| 300 | _a104p | ||
| 650 | _aNovel | ||
| 942 |
_cBK _2ddc _h894.8123 _iKAM/K _k894.8123 _mKAM/K |
||